V souřadnicích umění (ze slovenské esejistiky 1948-1982)

Bibliographic Details
Other Authors: Patera, Ludvík, 1927-2003 (Compiler)
Format: Book
Language:Czech
PhysicalDescription:240 s.
Published: Praha Československý spisovatel 1983
Edition:1. vyd.
Subjects:

MARC

LEADER 00000nam a2200000 a 4500
001 vtls008168021
003 SK-MaSNL
005 20260302003357.0
008 210928s1983 xr 000 0 cze
035 |a SPKKN4468 
040 |a SNK  |b slo  |c SNK  |e AACR2 
041 |a cze 
044 |a CZ 
080 |a 7.01  |2 UDC-MRF-SK2 
080 |a 82.0  |2 UDC-MRF-SK2 
080 |a 885.4-4  |2 UDC-MRF-SK2 
245 0 0 |a V souřadnicích umění (ze slovenské esejistiky 1948-1982)  |c Vybral a sestavil Ludvík Patera 
250 |a 1. vyd. 
260 |a Praha  |b Československý spisovatel  |c 1983 
300 |a 240 s. 
504 |a Bibliogr. odkazy 
650 0 7 |a slovenská literatúra  |2 snk  |9 1115 
650 0 7 |a výber  |2 snk  |9 455355 
655 7 |a eseje  |2 snk  |9 57030 
700 1 |a Patera, Ludvík,  |d 1927-2003  |4 com  |9 158313 
958 |a OND 
999 |c 991744  |d 993674 
952 |a SNK  |b SNK  |y VYP  |7 0  |p 17A0594555  |o snkSD 55376 D1  |i snkKIP 12953/83  |3 rekatalogizácia  |0 0  |1 0  |4 0  |d 2008-08-13  |l 0  |r 2026-02-24 11:52:05  |w 2026-02-24